Complétez les paroles "Un monde sans danger" - Statistiques

Statistiques générales
  • Ce quiz a été pris 46 fois
  • Le résultat moyen est 160 sur 218
Statistiques - réponses
Paroles % Correct
danger
97%
monde
97%
sans
97%
un
97%
On
91%
on
91%
existe
86%
ira
86%
Notre
86%
notre
86%
saura
86%
sauver
86%
Code
83%
Il
83%
il
83%
Lyoko
83%
existence
77%
tout
77%
Tout
77%
pour
74%
reprogrammer
74%
de
71%
refaire
71%
se
71%
effacer
63%
donner
60%
une
60%
chance
57%
le
57%
nous
57%
57%
est
54%
et
54%
la
49%
virtuel
49%
ce
46%
vous
46%
différent
43%
fait
43%
chaque
40%
dans
40%
des
40%
les
40%
vie
40%
combattants
37%
espoir
37%
secondes
37%
tous
37%
du
34%
risque
34%
seul
34%
hommes
31%
maximum
31%
numérique
31%
que
31%
courage
29%
promet
29%
bien
26%
contre
26%
dites
26%
faudra
26%
l'entraide
26%
l'on
26%
menace
26%
pixelisé
23%
mais
20%
Aucun quiz correspondant
Distribution des résultats
% des personnes avec chaque résultat
Percentile par nombre de réponses
Votre historique - résultats
Vous n’avez pas pris ce quiz